| 000 | 00658nam a2200205 a 4500 | ||
|---|---|---|---|
| 005 | 20240913063811.0 | ||
| 008 | 991125s1959 ea 000 0 eng u | ||
| 035 | _aUPN01000002463 | ||
| 049 | _aCG | ||
| 050 | 4 |
_aE178 _bH6.8 |
|
| 100 | 1 |
_aHofstadter, Richard, _d1916-1970 |
|
| 245 | 1 | 4 |
_aThe American republic / _cRichard Hofstadter, William Miller, Daniel Aaron. |
| 260 |
_aEnglewood Cliffs [E.U.A. : _bPrentice-Hall, _c1959. |
||
| 300 |
_a2 v. : _bil. |
||
| 505 | 8 |
_aContenido: _gv.1. _tTo 1865 -- _gv.2. _tSince 1865 |
|
| 651 | 4 |
_aEstados Unidos _xHistoria _920434 |
|
| 700 | 1 |
_aMiller, William, _ecoaut. |
|
| 700 | 1 |
_aAaron, Daniel, _ecoaut. |
|
| 905 | _aLibro | ||
| 999 |
_c2463 _d2463 |
||